| 000 | 02868cam a22004934i 4500 | ||
|---|---|---|---|
| 003 | PE-LiUPU | ||
| 005 | 20250731173030.0 | ||
| 008 | 160921s2015 xxu ri 000 0 eng d | ||
| 020 | _a0925675288 | ||
| 020 |
_a9780925675286 _q (volumen 1) |
||
| 035 | _a(Sirsi) a238230 | ||
| 040 |
_aPE-LiUPU _bspa _cPE-LiUPU _erda |
||
| 049 | _aPRUA | ||
| 082 | 0 | 4 |
_a220.07 _bW8 _220 |
| 245 | 0 | 4 |
_aThe word : _bsearching, living, teaching / _cArtur A. Stele, editor. |
| 264 |
_aNampa, Idaho : _bPacific Press Publishing, Association, _c2015. |
||
| 300 |
_a322 páginas ; _c23 centímetros |
||
| 336 |
_text _2rdacontent |
||
| 337 |
_unmediated _2rdamedia |
||
| 338 |
_volume _2rdacarrier |
||
| 504 | _aIndex : páginas 317-322. | ||
| 505 | 0 | _aThe word made flesh: the inspiration of scripture -- The sanctuary: "to behold the beauty of the lord" -- Sanctuary and the investigative judgment -- Daniel 11 and the Islam interpretation -- The relationship between Daniel 12:2 and Daniel 12:13 -- The nature of the holy spirit in the old testament -- The plurality of the Godhead in the Bible -- Babylon's terminology in revelation -- Revelation's babylon and its characteristics -- Babylon identified -- Ellen G. White's inagural vision -- The identity of the remanent church -- Theology of the last generation and the vindication of the character of God: overview and evaluation -- The prophetic nature of Adventism -- The impoprtance of understanding and teaching seventh-day Adventist fundamental beliefs -- The incarnation of christ: mystery and model of mission -- Faithful contextulization: where biblical faithfulness can meet cultural appropriateness -- Moving beyond attendance barriers to growth -- Ministering to non-attenting and former members. | |
| 526 | _aSEG42 | ||
| 526 | _aSEG41 | ||
| 526 | _aSEG40 | ||
| 526 | _aSEG39 | ||
| 526 | _aP94 | ||
| 526 | _aP87 | ||
| 526 | _aP86 | ||
| 526 | _aP85 | ||
| 526 | _aP77 | ||
| 526 | _aP76 | ||
| 526 | _aP35 | ||
| 650 | 0 | 4 | _aEscrituras. |
| 700 | 1 |
_aStele, Artur A., _eeditor. |
|
| 910 |
_ajck _bncf _cncf _d20170810 |
||
| 942 |
_2ddc _cBOOK |
||
| 949 |
_a220.07 W8 _wDEWEY _c1 _i76789 _lCCODEBUL1 _mBUL _p10.00 _r0 _sY _tBOOK _u2017-08-10 _xTEOLOGIA _PP35 _0COMPRA _o.STAFF. Colección Teología |
||
| 596 | _a1 4 | ||
| 999 |
_a220.07 W8 _wDEWEY _c24934 _i76789 _f2021-11-9 _g4 _lCCODEBUL1 _mBUL _p10.00 _r0 _sY _tBOOK _u2017-8-10 _xTEOLOGIA _PP35 _0COMPRA _o.STAFF. Colección Teología _d24934 |
||
| 999 |
_a220.07 W8 _wDEWEY _c1 _iCW00701 _f2021-12-22 _g2 _lCCODECWL1 _mBWL _p30.00 _r0 _sY _tBOOK _u2018-9-13 _xWHITE _zUNKNOWN _0COMPRA _o.STAFF. Centro White |
||
| 999 |
_a220.07 W8 _wDEWEY _c2 _iCW00908 _f2021-12-22 _g2 _lCCODECWL1 _mBWL _p20.00 _r0 _sY _tBOOK _u2018-11-27 _xWHITE _zUNKNOWN _0COMPRA _o.STAFF. Centro White |
||
| 980 |
_81 _gALBERTO SANCHEZ Responsable de Automatización |
||